MARC

LEADER 00000nam0a2200000 4500
001 128557
005 20231101220124.0
035 |a (RuTPU)RU\TPU\book\139069 
090 |a 128557 
100 |a 20071229d1965 m y0rusy50 ca 
101 0 |a rus 
102 |a RU 
105 |a a z 001zy 
200 1 |a Атом углерода и искусственный графит  |f С. В. Шулепов 
210 |a Челябинск  |c Южно-Уральское кн. изд-во  |d 1965 
215 |a 116 с.  |c черт. 
320 |a Библиогр.: с. 114-116. 
606 1 |a Углерод  |x Химия  |2 stltpush  |3 (RuTPU)RU\TPU\subj\75001  |9 86901 
606 1 |a Графит искусственный  |x Химическая технология  |2 stltpush  |3 (RuTPU)RU\TPU\subj\32322  |9 54907 
610 1 |a получение 
610 1 |a свойства 
610 1 |a использование 
675 |a 546.26  |v 3 
675 |a 661.666.2  |v 3 
700 1 |a Шулепов  |b С. В.  |g Сергей Васильевич 
801 1 |a RU  |b 63413507  |c 20071229  |g PSBO 
801 2 |a RU  |b 63413507  |c 20160201  |g PSBO 
942 |c BK